000 00562nam a22001817a 4500
005 20150624124442.0
010 _aENG-113087
020 _a9789351434320
_c700.00
035 _aEN-96619
037 _bDBAD/PUB
082 _a336.24
100 _aVaid, Nitin
245 _aTax deduction at source :
_cby Nitin Vaid
_bsimplified /
260 _bLexisNexis
_c2015
_aGurgaon
270 _bGurgaon
_e122002
_a14th Floor Building No.10, Tower-B, DLF Cyber City, Phase-II,
300 _axxxii,445p.
_c24cm(pbk)
942 _2ddc
_cEN
_mVAI
_h336.24
999 _c93751
_d93751